| 000 | 01019naa a22002897a 4500 | ||
|---|---|---|---|
| 001 | BR6005257 | ||
| 003 | BR-BrBNA | ||
| 005 | 20240918172907.0 | ||
| 007 | ta | ||
| 008 | 230509b bl.||||| |||| 00| 0 por d | ||
| 040 |
_aBR-BrBNA _bpor _cBiblioteca Nacional de Agricultura |
||
| 041 | _a(Pt) | ||
| 072 | _aP10 | ||
| 090 | _aP10 BR6005257 | ||
| 100 | 1 | _aWeinkauff, H.C.C. | |
| 111 | 1 |
_aSeminario de Planejamento de Recursos Hidricos _cPorto Alegre, RS (Brazil) _d04 Oct 1972 |
|
| 245 | 1 | _aZoneamento da varzea [controle fisico, inundacao] | |
| 260 | 3 |
_aPorto Alegre, RS (Brasil): _c1972. |
|
| 500 | _aAnais do Seminario de Planejamento de Recursos Hidricos Porto Alegre, RS (Brasil): 1972. p. 5-50 (BR6005257-AM)P10 | ||
| 650 | _aRECURSO HIDRICO | ||
| 650 | _aAGUA | ||
| 650 | _aINUNDACAO | ||
| 650 | _aVARZEA | ||
| 773 | 0 |
_tAnais do Seminario de Planejamento de Recursos Hidricos _wP10 BR6005257 _gPorto Alegre, RS (Brasil), 1972. p. 5-50 |
|
| 909 |
_a202404 _bLucia _c55 _dLucia Elande |
||
| 942 |
_cAM _2AGRIS |
||
| 999 |
_c301948 _d301948 |
||